国連発足時に加盟していた51カ国 - Statistics

General Stats
  • This quiz has been taken 306 times
  • The average score is 37 of 51
Answer Stats
原加盟国 % Correct
アメリカ合衆国
100%
イギリス
98%
フランス
98%
中華民国
97%
ソビエト連邦
94%
カナダ
92%
ブラジル
91%
メキシコ
90%
オーストラリア
89%
インド
88%
アルゼンチン
87%
オランダ
85%
ベルギー
85%
イラン
84%
トルコ
84%
エジプト
82%
チリ
82%
ノルウェー
81%
イラク
80%
南アフリカ
80%
ギリシャ
79%
デンマーク
79%
ニュージーランド
77%
ポーランド
76%
ルクセンブルク
76%
コロンビア
74%
サウジアラビア
74%
ウルグアイ
73%
エチオピア
73%
ユーゴスラビア
73%
ペルー
72%
パナマ
70%
パラグアイ
69%
ボリビア
69%
エクアドル
68%
キューバ
67%
ベネズエラ
67%
ホンジュラス
59%
チェコスロバキア
57%
エルサルバドル
56%
コスタリカ
56%
シリア
54%
ニカラグア
53%
グアテマラ
52%
ドミニカ共和国
52%
ハイチ
50%
フィリピン
50%
リベリア
50%
レバノン
47%
ウクライナ
41%
ベラルーシ
35%
No matching quizzes found
Score Distribution
Percent of People with Each Score
Percentile by Number Answered
Your Score History
You have not taken this quiz